000 02009cam a22005534i 4500
003 PE-LiUPU
005 20250731180149.0
008 150706s r 000 0 d
020 _a9788492812813
035 _a(Sirsi) i9788492812813
040 _aPE-LiUPU
_bspa
_cPE-LiUPU
_erda
049 _aPRUA
082 0 4 _a519.5
_bP31
_221
100 1 _aPavía Miralles, José Manuel,
_eautor.
245 1 0 _a101 ejercicios resueltos de estadística actuarial vida /
_cJosé M. Pavía.
264 1 _aMadrid :
_bGarceta,
_c2011.
300 _a157 páginas :
_bilustraciones ;
_c24 cm.
336 _atext
_2rdacontent
337 _aunmediated
_2rdamedia
338 _avolume
_2rdacarrier
504 _aIncluye bibliografía.
505 0 _aCálculo de probabilidades -- Actuarianos -- Cálculo de primas -- La mortalidad como fenómeno continuo -- Probabilidades recargadas y riesgo de cartera -- Estimación de probabilidades -- Función distribución normal -- Tablas de mortalidad.
526 _aSEG44
526 _aSEG26
526 _aP159
526 _aP155
526 _aP154
526 _aP153
526 _aP150
526 _aP100
526 _aP31
526 _aP30
526 _aP26
526 _aP25
526 _aP24
526 _aP22
526 _aP15
526 _aP10
541 _g015-0015322;
650 0 4 _aProbabilidades
_vProblemas, ejercicios.
650 0 4 _aEstadística matemática
_vProblemas, ejercicios.
650 0 4 _aSeguro
_xMatemáticas
_xMétodos estadísticos.
910 _cbd
_d20120522
942 _2ddc
_cBOOK
949 _a519.5 P31
_wDEWEY
_c1
_i67225
_lCCODEBUL1
_mBUL
_p30.00
_r0
_sY
_tBOOK
_u2015-7-6
_xINGENIERIA
_zUNKNOWN
_o.STAFF. Colección General
994 _aC0
_bPEPRU
596 _a1
999 _a519.5 P31
_wDEWEY
_c54814
_i67225
_d54814
_e2017-11-9
_f2021-11-5
_g7
_lCCODEBUL1
_mBUL
_n1
_p30.00
_q2
_r0
_sN
_tBOOK
_u2015-7-6
_xBIBLIOTECA
_zUNKNOWN
_0COMPRA
_o.STAFF. Colección General
980 _81
_gALBERTO SANCHEZ Responsable de Automatización